<?xml version="1.0" encoding="UTF-8"?>
<record
    xmlns:xsi="http://www.w3.org/2001/XMLSchema-instance"
    xsi:schemaLocation="http://www.loc.gov/MARC21/slim http://www.loc.gov/standards/marcxml/schema/MARC21slim.xsd"
    xmlns="http://www.loc.gov/MARC21/slim">

  <leader>01475    a2200205   4500</leader>
  <controlfield tag="001">35968</controlfield>
  <controlfield tag="005">20260407155637.0</controlfield>
  <controlfield tag="008">260407a1964    arg                 spa d</controlfield>
  <controlfield tag="003">AR-UNSa-BCEJYS</controlfield>
  <datafield tag="040" ind1=" " ind2=" ">
    <subfield code="a">AR-UNSa-BCEJYS</subfield>
    <subfield code="b">spa</subfield>
    <subfield code="c">AR-UNSa-BCEJYS</subfield>
  </datafield>
  <datafield tag="080" ind1=" " ind2=" ">
    <subfield code="a">658.310.8</subfield>
    <subfield code="x">Gesti&#xF3;n y administraci&#xF3;n de personal</subfield>
  </datafield>
  <datafield tag="245" ind1="1" ind2="0">
    <subfield code="a">La integraci&#xF3;n del trabajador en la empresa</subfield>
  </datafield>
  <datafield tag="264" ind1=" " ind2="1">
    <subfield code="a">Barcelona :</subfield>
    <subfield code="b">Ariel</subfield>
    <subfield code="c">1964</subfield>
  </datafield>
  <datafield tag="300" ind1=" " ind2=" ">
    <subfield code="a">319 p.</subfield>
    <subfield code="c">24 cm.</subfield>
  </datafield>
  <datafield tag="505" ind1=" " ind2=" ">
    <subfield code="a">I.Premisas y condiciones de la integraci&#xF3;n del trabajador en la empresa : 1. La empresa - 2. El trabajador - 3. La adpataci&#xF3;n de la empresa al trabajador y del trabajador a la empresa - II. Formas y l&#xED;mites de la integraci&#xF3;n del trabajador en la empresa: 1. Formas de integraci&#xF3;n individual del trabajador debidas &#xFA;nicamente a la inciativa del empresario - 2. Formas de integraci&#xF3;n que implican participaci&#xF3;n colectiva de los trabajadores en la gesti&#xF3;n de la empresa - 3. Formas de integraci&#xF3;n que suponen una participaci&#xF3;n colectiva de los trabajadores en la productividad y en los resultados de la empresa - 4. Formas de integraci&#xF3;n que implican una participaci&#xF3;n de los trabajadores en el capital de la empresa, en sus atributos: el poder y el beneficio - 5. Formas de integraci&#xF3;n de los trabajadores en la empresas de estructura no capitalista - Conclusi&#xF3;n - Ap&#xE9;ndice - </subfield>
  </datafield>
  <datafield tag="942" ind1=" " ind2=" ">
    <subfield code="c">BK</subfield>
  </datafield>
  <datafield tag="590" ind1=" " ind2=" ">
    <subfield code="a">niveau_biblio:m niveau_hierar:0</subfield>
  </datafield>
  <datafield tag="100" ind1="1" ind2=" ">
    <subfield code="a">Payet, Maurice</subfield>
  </datafield>
  <datafield tag="700" ind1="1" ind2=" ">
    <subfield code="a">Pelauzy, Maria Antonia</subfield>
  </datafield>
  <datafield tag="999" ind1=" " ind2=" ">
    <subfield code="c">2598</subfield>
    <subfield code="d">2598</subfield>
  </datafield>
  <datafield tag="952" ind1=" " ind2=" ">
    <subfield code="0">0</subfield>
    <subfield code="1">0</subfield>
    <subfield code="4">0</subfield>
    <subfield code="7">0</subfield>
    <subfield code="a">BCEJYS</subfield>
    <subfield code="b">BCEJYS</subfield>
    <subfield code="c">16</subfield>
    <subfield code="d">2026-04-07</subfield>
    <subfield code="l">0</subfield>
    <subfield code="o">658.310.8 P343</subfield>
    <subfield code="p">L25881</subfield>
    <subfield code="r">2026-04-07 15:56:37</subfield>
    <subfield code="w">2026-04-07</subfield>
    <subfield code="y">L</subfield>
  </datafield>
  <datafield tag="952" ind1=" " ind2=" ">
    <subfield code="0">0</subfield>
    <subfield code="1">0</subfield>
    <subfield code="4">0</subfield>
    <subfield code="7">0</subfield>
    <subfield code="a">BCEJYS</subfield>
    <subfield code="b">BCEJYS</subfield>
    <subfield code="c">16</subfield>
    <subfield code="d">2026-04-07</subfield>
    <subfield code="l">0</subfield>
    <subfield code="o">658.310.8 P343</subfield>
    <subfield code="p">L25880</subfield>
    <subfield code="r">2026-04-07 15:56:37</subfield>
    <subfield code="w">2026-04-07</subfield>
    <subfield code="y">L</subfield>
  </datafield>
</record>
